000 00396nam a2200157Ia 4500
003 Ost
005 20260225132600.0
008 260225s9999||||xx |||||||||||||| ||und||
040 _cfsic
041 _afre
082 _a70.4
100 _aMOURAD MEDJNAH
_eAuteur
245 0 _aLES RAPPORTS ENTRE AUTORITES DE REGULATION EN MATIERE DE CONCURENCE /
245 0 _cMOURAD MEDJNAH
942 _cكتاب
999 _c34686
_d34686